Virut học Dành cho sinh viên và học viên Cao học chuyên ngành Vi sinh vật

Salvato in:
Dettagli Bibliografici
Autore principale: NGUYỄN THỊ CHÍNH
Natura: Libro
Lingua:Undetermined
Pubblicazione: Hà Nội ĐHQG 2001
Soggetti:
Tags: Aggiungi Tag
Nessun Tag, puoi essere il primo ad aggiungerne! !
Thư viện lưu trữ: Trung tâm Học liệu Trường Đại học Cần Thơ
LEADER 00560nam a2200181Ia 4500
001 CTU_46701
008 210402s9999 xx 000 0 und d
082 |a 579.2 
082 |b Ch312 
100 |a NGUYỄN THỊ CHÍNH 
245 0 |a Virut học 
245 0 |b Dành cho sinh viên và học viên Cao học chuyên ngành Vi sinh vật 
245 0 |c NGUYỄN THỊ CHÍNH, Ngô Tiến Hiển 
260 |a Hà Nội 
260 |b ĐHQG 
260 |c 2001 
650 |a virology 
980 |a Trung tâm Học liệu Trường Đại học Cần Thơ